000
00295nam a2200121Ia 4500
005
20260328104311.0
008
260328s9999||||xx |||||||||||||| ||und||
100
_a
Fahey, John
245
0
_a
Persians :
_b
madters of empire /
_c
John Fahey
260
_b
Time Life
650
_a
PERSIA
942
_c
REF
999
_c
10977
_d
10977